000 00545nam a2200181Ia 4500
003 OSt
005 20260331102814.0
008 211028s2010 xx 000 0 und d
040 _cAIMIT LIBRARY
041 _aeng
082 _a658.15 KUMN
100 _aKumbhar, Nitin R;Shetty, Prathibha.
_g816094
_96649
245 _aA study of business class hostels in Mangalore to maximise occupancy for the new entrant- mango suites /
260 _bShetty, Prathibha
_c2010
600 _aFinance
_96650
650 _aFinance
_96651
942 _2ddc
_cPRO
999 _c218308
_d218308